LEADER 01629nam0 22003371i 450 001 VAN0020448 005 20230315111808.691 010 $a09-430-8837-2 100 $a20040721d2000 |0itac50 ba 101 $aeng 102 $aUS 105 $a|||| ||||| 200 1 $aBiochemistry & molecular biology of plants$feditors Bob B. Buchanan, Wilhelm Gruissem, Russell L. Jones 210 $aRockville$cAmerican society of plantphysiologists$d2000 215 $aXXXIX, 1367 p.$cill.$d29 cm 517 1$3VAN0084108$aBiochemistry and molecular biology of plants. 620 $dRockville$3VANL000208 676 $a571.2$cFisiologia vegetale$v22 702 1$aBuchanan$bBob B.$3VANV016668 702 1$aGruissem$bWilhelm$3VANV014567 712 $aAmerican society of plant physiologists $3VANV108538$4650 790 1$aBuchanan, Bob$zBuchanan, Bob B.$3VANV014566 790 1$aBuchanan, B.B.$zBuchanan, Bob B.$3VANV205507 790 1$aBuchanan, B. B.$zBuchanan, Bob B.$3VANV205508 790 1$aBuchanan, Bob Branch$zBuchanan, Bob B.$3VANV211455 801 $aIT$bSOL$c20230714$gRICA 912 $aVAN0020448 950 $aBIBLIOTECA DEL DIPARTIMENTO DI SCIENZE E TECNOLOGIE AMBIENTALI BIOLOGICHE E FARMACEUTICHE$d17CONS Qa37 $e17DSV721 20040721 $sSottolineato 950 $aBIBLIOTECA DEL DIPARTIMENTO DI SCIENZE E TECNOLOGIE AMBIENTALI BIOLOGICHE E FARMACEUTICHE$d17PREST Qa30 $e17OM 2780 20040721 996 $aBiochemistry & molecular biology of plants$9473121 997 $aUNICAMPANIA LEADER 02889oam 2200721 n 450 001 9910495757203321 005 20231013231401.0 010 $a2377472877 024 7 $a10.4000/books.ugaeditions.20192 035 $a(CKB)4100000011883057 035 $a(FrMaCLE)OB-ugaeditions-20192 035 $a(PPN)255349459 035 $a(oapen)doab113692 035 $a(EXLCZ)994100000011883057 100 $a20210413d2021|||| ||| 0 101 0 $afre 135 $aur||||||m|||| 181 $ctxt$2rdacontent 182 $cc$2rdamedia 183 $acr$2rdacarrier 200 00$aFuir avant demain$fKay Boyle 210 $aGrenoble$cUGA Éditions$d2021 215 $a1 online resource (316 p.) 225 1 $aParoles d'ailleurs 311 1 $a2377470327 330 $aFuir avant demain est un roman de l?écrivaine américaine Kay Boyle paru en 1932. Le lecteur est entrainé dans le récit aussi émouvant que lumineux d?une escapade tumultueuse et désespérée dans l?arrière-pays grassois, au milieu des années 20. Cette fiction autobiographique témoigne d?une époque littéraire façonnée par l?expérience de l?exil et tourmentée par le sentiment de sa finitude. Paru en français pour la première fois en 1937, le roman est réédité ici dans une nouvelle traduction, proposée par Anne Reynès-Delobel, qui permet d?apprécier toute l?intensité et l?élégance de la prose poétique de Boyle, romancière moderniste unique, amoureuse des mots et de la vie. Femme aux multiples visages, architecte, écrivain, mère de six enfants, mariée à trois reprises, Kay Boyle (1902-1992) est un personnage hors du commun. Son ?uvre considérable connut un très grand succès aux États-Unis. Le Cheval aveugle (The Crazy Hunter, 1940) a fait l?objet d?une traduction en 2008. 606 $aLiterature 606 $aPoetry 606 $aLiterature American 606 $apassion 606 $aécriture 606 $alittérature 606 $aannées 20 606 $amilieu littéraire 606 $afemme écrivain 606 $aexpatriation 606 $atuberculose 610 $aannées 20 610 $aécriture 610 $aexpatriation 610 $afemme écrivain 610 $alittérature 610 $amilieu littéraire 610 $apassion 610 $atuberculose 615 4$aLiterature 615 4$aPoetry 615 4$aLiterature American 615 4$apassion 615 4$aécriture 615 4$alittérature 615 4$aannées 20 615 4$amilieu littéraire 615 4$afemme écrivain 615 4$aexpatriation 615 4$atuberculose 700 $aBoyle$b Kay$0438790 701 $aReynès-Delobel$b Anne$01289369 801 0$bFR-FrMaCLE 906 $aBOOK 912 $a9910495757203321 996 $aFuir avant demain$93569886 997 $aUNINA LEADER 02059nam0 22004093i 450 001 RAV0130907 005 20251003044325.0 010 $a8877580372 020 $aIT$b817117 100 $a20130827d1981 ||||0itac50 ba 101 | $aita 102 $ait 181 1$6z01$ai $bxxxe 182 1$6z01$an 200 1 $aCartografia$eˆl'‰uso e la lettura delle carte$fLuigi Aruta e Pietro Marescal chi 210 $aPalermo$cFlaccovio$dc1981 215 $a100 p.$cill.$d25 cm 606 $aCartografia$2FIR$3CFIC001265$9E 676 $a526$9GEOGRAFIA MATEMATICA$v19 676 $a526.8$9CARTOGRAFIA E TOPOGRAFIA$v21 676 $a526.80285$9GEOGRAFIA MATEMATICA. PROIEZIONI CARTOGRAFICHE. APPLICAZIONI DELL'ELABORATORE$v21 676 $a526.9$9Geografia matematica. Rilevamenti$v14 676 $a912.014$9RAPPRESENTAZIONE GRAFICA DELLA SUPERFICIE DELLA TERRA E DEI MONDI EXTRATERRESTRI. LETTURA DELLE CARTE GEOGRAFICHE$v21 700 1$aAruta$b, Luigi$3CFIV016703$4070$031971 701 1$aMarescalchi$b, Pietro$3CFIV016704$4070$0342300 801 3$aIT$bIT-000000$c20130827 850 $aIT-BN0095 $aIT-NA0304 $aIT-NA0079 $aIT-NA0070 901 $bNAP BU$c7 B $nPropedeutica. Formato cm. 20,1-28. 901 $bNAP 01$c04-LT $n$ 901 $bNAP 01$cLT FAC $n$ 901 $bNAP BN$cMISC. $nLa consegna dei documenti è effettuata dall'Ufficio Distribuzione 901 $bNAP 74$cBIBLIOTECA$nubicata a Castel dell'Ovo 912 $aRAV0130907 950 0$aBiblioteca Centralizzata di Ateneo$b1 v. (2. copia)$c1 v. in due copie$d 0104-LT 526.9 ARU ca$e 0104 9000001455 VMA 1 v. (LdT Proff. CIARCIA e RUSSO)$fB $h20071113$i20071113$b1 v. (2. copia)$c1 v. in due copie$d 01LT FAC 526.9 ARU ca(bis$e 0104 0000014755 VMA (bis 1 v. (2. copia. - LdT Proff. CIARCIA e RUSSO)$fA $h20100126$i20100126 977 $a 01$a 74$a BN$a BU 996 $aCartografia$992532 997 $aUNISANNIO